00808nam a2200229Ia 4500003000900000008004100009020003000050020003100080022002200111022002300133040001600156100002400172245006700196260005700263300002000320490002000340650003800360650004800398650004700446650001200493856007300505IN-BaIIA211028s9999 xx s 000 0 eng d a978-3-642-23084-4 (Print) a978-3-642-23085-1 (Online) a2190-5053 (Print) a2190-5061 (Online) cIIA Library aRodrigo, Sergio G.  0aOptical Properties of Nanostructured Metallic Systemsh[eBook] aHeidelberg, BerlinbSpringer Berlin Heidelbergc2012 aOnline resource aSpringer Theses a Optical and Electronic Materials a Optics, Lasers, Photonics, Optical Devices a Surface and Interface Science, Thin Films aPhysics uhttp://doi.org/10.1007/978-3-642-23085-1yClick Here to Access eBook